| 000 | 01630nam a2200301Ia 4500 | ||
|---|---|---|---|
| 999 |
_c56221 _d56221 |
||
| 001 | 23322 | ||
| 003 | GE_BSU | ||
| 005 | 20251218205026.0 | ||
| 008 | 181216s2000||||ge |||||||||||||| ||geo|| | ||
| 020 | _a99928-48-65-0 | ||
| 040 | _cGE_BSU | ||
| 041 | _ageo | ||
| 080 | _a327(564.3) + 323(564.3) მ-19 | ||
| 100 |
_aმაკარაძე, ემზარ _926561 |
||
| 245 |
_aკვიპროსის საკითხი აღმოსავლურ პოლიტიკაში XX საუკუნის 60-80-იან წლებში / _cმადონა გოგიტიძე ; რედ.: ალ. მენთეშაშვილი. |
||
| 264 |
_aთბილისი : _bბათუმის უნივერსიტეტი, _c2000. |
||
| 300 |
_a108 გვ. ; _c20 სმ. |
||
| 504 | _aბიბლიოგრ.: გვ. 103-106 | ||
| 520 | _aრეზ. რუს. და ინგლ. ენ.. | ||
| 541 | _h10 ლ. | ||
| 653 | _aახლოაღმოსავლური პოლიტიკა | ||
| 653 | _aკვიპროსის საერთაშორისო მდგომარეობა | ||
| 653 | _aკვიპროსის ისტორია | ||
| 653 | _aკვიპროსის საკითხი აღმოსავლურ პოლიტიკაში XX საუკუნის 60-80-იან წლებში | ||
| 700 |
_aმენთეშაშვილი, ალ. _eრედექტორი _910208 |
||
| 700 |
_aგოგიტიძე, მადონა _eავტორი _926562 |
||
| 942 |
_cBK _2udc |
||